000 00664nam a2200217 i 4500
001 27050
003 ES-MaACL
005 20250710062718.0
007 t|
008 030113s1956 fr ||||1| fre d
100 1 _aArrighi, Paul.
_923307
245 1 3 _aLa littérature italienne des origines a nos jours /
_cpar Paul Arrighi.
250 _a[1e ed.].
260 _aParís :
_bPresses Universitaires de France,
_c1956.
300 _a128 p. ;
_c18 cm.
490 1 _aQue sais-je? ;
_v715
650 4 _aLiteratura italiana-
_xHistoria y crítica.
_914631
830 0 0 _aQue sais-je?
_v715
_9180931
852 _aES-MaACL
_jC-15626
_bR.43376
999 _c27050
_d27050